Normal view
MARC view
- Van Valkenburgh
Entry Personal Name
001 - CONTROL NUMBER
- control field: 112099
003 - CONTROL NUMBER IDENTIFIER
- control field: NUST
005 - DATE AND TIME OF LATEST TRANSACTION
- control field: 20230504123513.0
008 - FIXED-LENGTH DATA ELEMENTS
- fixed length control field: 230504|| aca||aabn | a|a d
040 ## - CATALOGING SOURCE
- Original cataloging agency: NUST
- Transcribing agency: NUST
100 ## - HEADING--PERSONAL NAME
- Personal name: Van Valkenburgh
670 ## - SOURCE DATA FOUND
- Source citation: Work cat.: (NUST)183953: Van Valkenburgh,, Basic synchros and servomechanisms in Two parts /, 1955
